| 000 | 00860nam a2200241 4500 | ||
|---|---|---|---|
| 001 | 123610 | ||
| 003 | ES-MaACL | ||
| 005 | 20230906192216.0 | ||
| 007 | t| | ||
| 008 | 070214s1914 sp r ||||1| spa d | ||
| 100 | 1 |
_aRahola, Silvio. _995015 |
|
| 245 | 1 | 0 |
_aTratado de ferrocarriles / _cSilvio Rahola. |
| 260 |
_aMadrid : _bSucesores de Rivadaneyra, _c1914. |
||
| 300 |
_a6 v. ; _c27 x 17 cm. |
||
| 505 | 8 | _aContiene: v. I: Vías y obras --- v. II: Material de transporte --- v. III: Tracción por vapor --- v. IV: Estaciones y movimiento --- v. V: Servicios comerciales --- v. VI: Tracción eléctrica | |
| 740 | 0 | _aVías y obras. | |
| 740 | 0 | _aMaterial de transporte. | |
| 740 | 0 | _aTracción por vapor. | |
| 740 | 0 | _aEstaciones y movimiento. | |
| 740 | 0 | _aServicios comerciales. | |
| 740 | 0 | _aTracción eléctrica. | |
| 852 |
_aES-MaACL _jF-281 |
||
| 999 |
_c123610 _d123610 |
||